000 01133nam a22002537a 4500
999 _c9157
_d9157
003 AR-CdUCM
008 190327b ||||| |||| 00| 0 spa d
020 _a92-1-322040-5
040 _aMUNICIPALIDAD PROVINCIAL DEL CUSCO
_cBIBLIOTECA MUNICIPAL DEL CUSCO
082 _a301.1 /
_bP23
110 _aNaciones Unidas.
_95681
245 _aPanorama social de América Latina /
260 _aEstados Unidos :
_bNaciones Unidas,
_c2002.
300 _a272 paginas ;
_bCuadros,
_c27 cm.
505 _aContenido : Posibilidades y limitaciones de la reducción de la pobreza y la redistribución del ingreso -- Necesidades de formación de recursos humanos y absorción de empleo calificado en América Latina -- Deserción escolar, un obstáculo para el logro de los objetivos del desarrollo del milenio -- Agenda social -- Aportes del capital social a la superación de la pobreza...
650 _aPanorama social
_925196
650 _aCondiciones sociales
_91132
650 _aAmérica Latina
_91130
650 _aCapital social
_925197
710 _aCEPAL
_925198
856 _fwww.eclac.org
942 _2ddc
_cLIBROS
945 _awnts